| 000 | 01256nam a2200289 a 4500 | ||
|---|---|---|---|
| 999 |
_c189461 _d189461 |
||
| 003 | BLK | ||
| 005 | 20250715173855.0 | ||
| 008 | 180411b bul|||||r ||||||| ||bul|| | ||
| 020 | _a978-954-26-1633-7 | ||
| 040 | _aBLK | ||
| 041 |
_aBUL _cBUL |
||
| 080 |
_aПортугалска литература _b821.134.3 _x-31 _z821.134.3-31 |
||
| 100 | 1 |
_aСантуш, Жозе Родригеш душ _eпърви автор _9266382 |
|
| 139 |
_aСантуш, Жозе Родригеш душ _bС 18 |
||
| 245 | 1 | 0 |
_aМъжът от Константинопол _bРоман _cЖозе Родригеш душ Сантуш ; прев. от португ. Дарина Бойкова Миланова. |
| 257 | _aPG | ||
| 260 |
_aПловдив _bХермес _c2016 _fСофия : Алианс принт |
||
| 300 |
_a360 с. _c21 см |
||
| 380 | _aX | ||
| 500 | _aОриг. загл. O homem de Constantinopla / Jose Rodrigues dos Santos. - Доп. тир. 2020 | ||
| 700 | 1 |
_aМиланова, Дарина Бойкова _eпрев. от португ. _9382214 |
|
| 852 | _aЦб 283684 | ||
| 852 |
_bП _c821-31/С 18 Ж |
||
| 942 |
_cKNG _n0 _s1 _059 |
||
| 944 |
_aCR _c17.12.2016 _k30538 _lСилвия Димитрова |
||
| 944 |
_aED _c2021-08-16 _kГГГ |
||